000 00525nam a22001817a 4500
999 _c1187
_d1187
005 20181031103011.0
008 181031b xxu||||| |||| 00| 0 eng d
020 _a980-265-554-6
040 _aBiblioteca Nacional
_cFEVP
041 _aspa
092 _a375.001
_bB826
100 _aBravo Jauregui, Luis.
245 _aTeoría y práctica curricular.
260 _aCaracas-Venezuela.
_bEditorial Carhel, C. A.
_c1.988
300 _a191 p.
500 _aEducación Superior--Venezuela; Planes de Estudio.
942 _2ddc
_cLIB